000 nam a22 a 4500
999 _c284
_d284
003 AKMAL
005 20170503093332.0
008 170503s2009 my | e | 000 0 may d
020 _a9789833850518 (kkt.)
040 _aAKMAL
082 0 4 _a001.422 CHU
_222
090 0 0 _a001.422
_bCHU
100 1 _aChua, Yan Piaw
_9511
245 1 0 _aStatistik penyelidikan lanjutan.
_nII,
_pujian regresi, analisis faktor dan analisis SEM.
_nBuku 5 /
_cChua Yan Piaw
260 _aShah Alam :
_bMcGraw-Hill (M),
_c2009
300 _axviii, 405ms. :
_bil. ;
_c26cm.
500 _aMengandungi indeks
504 _aBibliografi: ms. 395-398
650 1 0 _aStatistics
_9512
650 2 0 _aResearch
_xMethodology
_9513
942 _2ddc
_cBOOK